China

Uložené v:
Podrobná bibliografia
Hlavný autor: Weggel, Oskar
Médium: Kniha
Jazyk:German
Vydavateľské údaje: München Beck 1994
Vydanie:4. neubearb. Aufl.
Edícia:Beck'sche Reihe 807
Predmet:
Tagy: Pridať tag
Žiadne tagy, Buďte prvý, kto otaguje tento záznam!

MARC

LEADER 00000nam a2200000 4500
001 c010489
005 20221205140619.0
020 |a 3-406-38196-0 
041 0 |a ger 
044 |a DE 
245 1 0 |a China  |c Oskar Weggel 
250 |a 4. neubearb. Aufl. 
264 1 |a München  |b Beck  |c 1994 
300 |a 325 s. 
490 1 |a Beck'sche Reihe  |v 807 
830 0 |a Beck'sche Reihe  |v 807 
610 2 0 |a Čína 
610 2 0 |a geografia 
610 2 0 |a poľnohospodárstvo 
610 2 0 |a politika 
610 2 0 |a politika sociálna 
610 2 0 |a obyvateľstvo 
610 2 0 |a kultúra 
610 2 0 |a história 
610 2 0 |a spoločnosť 
610 2 0 |a vzdelanie 
100 1 |a Weggel, Oskar